| 000 | nam a22 a 4500 | ||
|---|---|---|---|
| 999 |
_c233 _d233 |
||
| 003 | AKMAL | ||
| 005 | 20170427150825.0 | ||
| 008 | 270427s2010 my ao e | f000 0 may d | ||
| 020 | _a9789833109517 | ||
| 020 | _a9789833109524 (kkt.) | ||
| 040 | _cAKMAL | ||
| 082 | 0 | 4 |
_a089.9923 MOH _222 |
| 090 | 0 | 0 |
_a089.9923 _bMOH |
| 100 | 0 |
_aMohd. Najib Tun Haji Abdul Razak, _cDato' Sri, _d1953- _9528 |
|
| 245 | 1 | 0 |
_aTransformasi minda : _bmemeta wawasan melaksana amanah = The future mind : mapping the future delivering the trust / Najib Tun Razak |
| 246 | 3 | 1 | _aThe future mind : mapping the future delivering the trust |
| 260 |
_aKuala Lumpur : _bInstitut Tadbiran Awam Negara, _c2010 |
||
| 300 |
_aix, 165ms. : _bgf. (wrn.) ; _c22cm. |
||
| 600 | 0 |
_aMohd. Najib Tun Haji Abdul Razak, _cDato' Sri, _d1953- _9528 |
|
| 650 | 0 |
_aMohd. Najib Tun Haji Abdul Razak, _cDato' Sri, _d1953- _xQuotations _9529 |
|
| 650 | 1 | 0 |
_aPrime ministers _zMalaysia _xQuotations _9530 |
| 650 | 2 | 0 |
_aSpeeches, addresses, etc. _954 |
| 942 |
_2ddc _cBOOK |
||